Száztíz tagú társulattal jön Szegedre a kijevi balett

Elmentve itt :
Bibliográfiai részletek
Dokumentumtípus: Cikk
Megjelent: 1969-06-22
Sorozat:Délmagyarország 59 No. 142
Kulcsszavak:Szabadtéri Játékok 1969-1973, Balett orosz 1969, Szegedi Szabadtéri Játékok Bahcsiszeráji szökőkút 1969
Online Access:http://dmarchiv.bibl.u-szeged.hu/78249
LEADER 00527nab a2200145 i 4500
001 delm78249
005 20180928084314.0
008 180928s1969 hu o 0|| hun d
040 |a SZTE Délmagyarország Archívum  |b hun 
041 |a hun 
245 0 0 |a Száztíz tagú társulattal jön Szegedre a kijevi balett  |h [elektronikus dokumentum] 
260 |c 1969-06-22 
300 |a 3 
490 0 |a Délmagyarország  |v 59 No. 142 
695 |a Szabadtéri Játékok 1969-1973, Balett orosz 1969, Szegedi Szabadtéri Játékok Bahcsiszeráji szökőkút 1969